Города Липецкой области - Statistics

General Stats
  • This quiz has been taken 57 times
  • The average score is 6 of 8
Answer Stats
Население Город % Correct
485 260 Липецк
100%
99 875 Елец
88%
43 908 Грязи
76%
9887 Задонск
72%
19 726 Данков
68%
19 662 Усмань
68%
20 049 Лебедянь
64%
11 579 Чаплыгин
52%
No matching quizzes found
Score Distribution
Percent of People with Each Score
Percentile by Number Answered
Your Score History
You have not taken this quiz